000
00244nam a2200109Ia 4500
008
191206s9999 xx 000 0 und d
090
_a
S
245
0
_a
After the ball
260
_a
Stomp Off Records
260
_c
cp1985
999
_c
15420
_d
15420